<?xml version="1.0" encoding="UTF-8"?>
<record
    xmlns:xsi="http://www.w3.org/2001/XMLSchema-instance"
    xsi:schemaLocation="http://www.loc.gov/MARC21/slim http://www.loc.gov/standards/marcxml/schema/MARC21slim.xsd"
    xmlns="http://www.loc.gov/MARC21/slim">

  <leader>00535nam a22001337a 4500</leader>
  <datafield tag="040" ind1=" " ind2=" ">
    <subfield code="c">RUA</subfield>
  </datafield>
  <datafield tag="082" ind1=" " ind2=" ">
    <subfield code="a">GRS ROM 2017 B641 Or.1</subfield>
  </datafield>
  <datafield tag="100" ind1=" " ind2=" ">
    <subfield code="a">ROM CHY &#x179A;&#x17BB;&#x17C6; &#x1787;&#x17B8;</subfield>
  </datafield>
  <datafield tag="245" ind1=" " ind2=" ">
    <subfield code="a">processing of coconut juice mix with allover &#x1780;&#x17B6;&#x179A;&#x1780;&#x17C2;&#x1785;&#x17D2;&#x1793;&#x17C3;&#x1797;&#x17C1;&#x1787;&#x17D2;&#x1785;&#x17C7;&#x1791;&#x17B9;&#x1780;&#x178A;&#x17BC;&#x1784;&#x179B;&#x17B6;&#x1799;&#x1794;&#x17D2;&#x179A;&#x1791;&#x17B6;&#x179B;&#x1780;&#x1793;&#x17D2;&#x1791;&#x17BB;&#x1799;&#x1780;&#x17D2;&#x179A;&#x1796;&#x17BE;&#x179A;</subfield>
  </datafield>
  <datafield tag="260" ind1=" " ind2=" ">
    <subfield code="a">RUA</subfield>
    <subfield code="b">Phnom penh</subfield>
    <subfield code="c">2017</subfield>
  </datafield>
  <datafield tag="300" ind1=" " ind2=" ">
    <subfield code="a">ix;28p</subfield>
    <subfield code="b">ill;</subfield>
    <subfield code="c">29cm</subfield>
  </datafield>
  <datafield tag="856" ind1=" " ind2=" ">
    <subfield code="u">https://drive.google.com/file/d/1pGNF_ZMrq9AVPtn7GAdW-mOy2p6kib5k/view?usp=sharing</subfield>
  </datafield>
  <datafield tag="942" ind1=" " ind2=" ">
    <subfield code="c">GRS</subfield>
  </datafield>
  <datafield tag="999" ind1=" " ind2=" ">
    <subfield code="c">18091</subfield>
    <subfield code="d">18091</subfield>
  </datafield>
  <datafield tag="952" ind1=" " ind2=" ">
    <subfield code="0">0</subfield>
    <subfield code="1">0</subfield>
    <subfield code="2">ddc</subfield>
    <subfield code="4">0</subfield>
    <subfield code="6">GRS_ROM_2017_000000000000000_B641_OR_1</subfield>
    <subfield code="7">0</subfield>
    <subfield code="9">80579</subfield>
    <subfield code="a">LBB</subfield>
    <subfield code="b">LBB</subfield>
    <subfield code="c">B641</subfield>
    <subfield code="d">2019-07-29</subfield>
    <subfield code="o">GRS ROM 2017 B641 Or.1</subfield>
    <subfield code="p">A30179</subfield>
    <subfield code="r">2019-07-29</subfield>
    <subfield code="w">2019-07-29</subfield>
    <subfield code="y">GRS</subfield>
  </datafield>
  <datafield tag="952" ind1=" " ind2=" ">
    <subfield code="0">0</subfield>
    <subfield code="1">0</subfield>
    <subfield code="2">ddc</subfield>
    <subfield code="4">0</subfield>
    <subfield code="6">GRS_ROM_2017_000000000000000_B641_OR_2</subfield>
    <subfield code="7">0</subfield>
    <subfield code="9">80580</subfield>
    <subfield code="a">LBB</subfield>
    <subfield code="b">LBB</subfield>
    <subfield code="c">B641</subfield>
    <subfield code="d">2019-07-29</subfield>
    <subfield code="o">GRS ROM 2017 B641 Or.2</subfield>
    <subfield code="p">A30596</subfield>
    <subfield code="r">2019-07-29</subfield>
    <subfield code="w">2019-07-29</subfield>
    <subfield code="y">GRS</subfield>
  </datafield>
  <datafield tag="952" ind1=" " ind2=" ">
    <subfield code="0">0</subfield>
    <subfield code="1">0</subfield>
    <subfield code="2">ddc</subfield>
    <subfield code="4">0</subfield>
    <subfield code="6">GRS_ROM_2017_000000000000000_B641_OR_3</subfield>
    <subfield code="7">0</subfield>
    <subfield code="9">80581</subfield>
    <subfield code="a">LBB</subfield>
    <subfield code="b">LBB</subfield>
    <subfield code="c">B641</subfield>
    <subfield code="d">2019-07-29</subfield>
    <subfield code="o">GRS ROM 2017 B641 Or.3</subfield>
    <subfield code="p">A29431</subfield>
    <subfield code="r">2019-07-29</subfield>
    <subfield code="w">2019-07-29</subfield>
    <subfield code="y">GRS</subfield>
  </datafield>
  <datafield tag="952" ind1=" " ind2=" ">
    <subfield code="0">0</subfield>
    <subfield code="1">0</subfield>
    <subfield code="2">ddc</subfield>
    <subfield code="4">0</subfield>
    <subfield code="6">GRS_ROM_2017_000000000000000_B641_OR_4</subfield>
    <subfield code="7">0</subfield>
    <subfield code="9">80582</subfield>
    <subfield code="a">LBB</subfield>
    <subfield code="b">LBB</subfield>
    <subfield code="c">B641</subfield>
    <subfield code="d">2019-07-29</subfield>
    <subfield code="o">GRS ROM 2017 B641 Or.4</subfield>
    <subfield code="p">A30400</subfield>
    <subfield code="r">2019-07-29</subfield>
    <subfield code="w">2019-07-29</subfield>
    <subfield code="y">GRS</subfield>
  </datafield>
  <datafield tag="952" ind1=" " ind2=" ">
    <subfield code="0">0</subfield>
    <subfield code="1">0</subfield>
    <subfield code="2">ddc</subfield>
    <subfield code="4">0</subfield>
    <subfield code="6">GRS_ROM_2017_000000000000000_B641_OR_5</subfield>
    <subfield code="7">0</subfield>
    <subfield code="9">80583</subfield>
    <subfield code="a">LBB</subfield>
    <subfield code="b">LBB</subfield>
    <subfield code="c">B641</subfield>
    <subfield code="d">2019-07-29</subfield>
    <subfield code="l">1</subfield>
    <subfield code="m">1</subfield>
    <subfield code="o">GRS ROM 2017 B641 Or.5</subfield>
    <subfield code="p">A30536</subfield>
    <subfield code="r">2022-06-14</subfield>
    <subfield code="s">2022-05-17</subfield>
    <subfield code="w">2019-07-29</subfield>
    <subfield code="y">GRS</subfield>
  </datafield>
  <datafield tag="952" ind1=" " ind2=" ">
    <subfield code="0">0</subfield>
    <subfield code="1">0</subfield>
    <subfield code="2">ddc</subfield>
    <subfield code="4">0</subfield>
    <subfield code="6">GRS_ROM_2017_000000000000000_B641_OR_6</subfield>
    <subfield code="7">0</subfield>
    <subfield code="9">80584</subfield>
    <subfield code="a">LBB</subfield>
    <subfield code="b">LBB</subfield>
    <subfield code="c">B641</subfield>
    <subfield code="d">2019-07-29</subfield>
    <subfield code="l">3</subfield>
    <subfield code="o">GRS ROM 2017 B641 Or.6</subfield>
    <subfield code="p">A30534</subfield>
    <subfield code="r">2021-02-05</subfield>
    <subfield code="s">2021-01-13</subfield>
    <subfield code="w">2019-07-29</subfield>
    <subfield code="y">GRS</subfield>
  </datafield>
  <datafield tag="952" ind1=" " ind2=" ">
    <subfield code="0">0</subfield>
    <subfield code="1">0</subfield>
    <subfield code="2">ddc</subfield>
    <subfield code="4">0</subfield>
    <subfield code="6">GRS_ROM_2017_000000000000000_B641_OR_7</subfield>
    <subfield code="7">0</subfield>
    <subfield code="9">80585</subfield>
    <subfield code="a">LBB</subfield>
    <subfield code="b">LBB</subfield>
    <subfield code="c">B641</subfield>
    <subfield code="d">2019-07-29</subfield>
    <subfield code="o">GRS ROM 2017 B641 Or.7</subfield>
    <subfield code="p">A30715</subfield>
    <subfield code="r">2019-07-29</subfield>
    <subfield code="w">2019-07-29</subfield>
    <subfield code="y">GRS</subfield>
  </datafield>
</record>
